| 000 | 00415nam a22001697a 4500 | ||
|---|---|---|---|
| 005 | 20160630105249.0 | ||
| 008 | 160630b xxu||||| |||| 00| 0 eng d | ||
| 020 | _a978-93-84559-06-9 | ||
| 041 | _aeng | ||
| 082 | _b19461 | ||
| 100 |
_aRamamrutham S & Narayan S _93276 |
||
| 245 | _aTheory of Structures | ||
| 260 |
_bD R Pubtosh Co. _c2014 |
||
| 300 | _a1269 | ||
| 650 |
_aDiploma Engineering _9817 |
||
| 942 | _cBK | ||
| 999 |
_c4863 _d4861 |
||